<?xml version="1.0" encoding="UTF-8"?>
<collection xmlns="http://www.loc.gov/MARC21/slim">
 <record>
  <leader>01197nam a2200181Ia 4500</leader>
  <controlfield tag="001">CTU_14942</controlfield>
  <controlfield tag="008">210402s9999    xx            000 0 und d</controlfield>
  <datafield tag="082" ind1=" " ind2=" ">
   <subfield code="a">330.9512</subfield>
  </datafield>
  <datafield tag="082" ind1=" " ind2=" ">
   <subfield code="b">S727</subfield>
  </datafield>
  <datafield tag="100" ind1=" " ind2=" ">
   <subfield code="a">Southern china, Hongkong and Taiwan: Evolution of a subregional economy</subfield>
  </datafield>
  <datafield tag="245" ind1=" " ind2="0">
   <subfield code="a">Southern china, Hongkong and Taiwan: Evolution of a subregional economy</subfield>
  </datafield>
  <datafield tag="245" ind1=" " ind2="0">
   <subfield code="c">Southern china, Hongkong and Taiwan: Evolution of a subregional economy; Biên soạn: Jane Khanna</subfield>
  </datafield>
  <datafield tag="260" ind1=" " ind2=" ">
   <subfield code="a">Washington, D.C</subfield>
  </datafield>
  <datafield tag="260" ind1=" " ind2=" ">
   <subfield code="b">CSIS</subfield>
  </datafield>
  <datafield tag="260" ind1=" " ind2=" ">
   <subfield code="c">1995</subfield>
  </datafield>
  <datafield tag="520" ind1=" " ind2=" ">
   <subfield code="a">This book examines the thriving subregional economy that has evolved linking Hongkong, Taiwan and the southern coastal provinces of China.In this book, various trends toward greater economic interaction assume a special signifiance.To an unprecedented extent, economics dominates international relations today. Yet in the day-to-day relations between and among nations, economic matters are in the forefront, profoundly in influencing both domestic and foreing policies</subfield>
  </datafield>
  <datafield tag="650" ind1=" " ind2=" ">
   <subfield code="a">china, southeast - economic conditions,hongkong - economic conditions,taiwan - economic conditions</subfield>
  </datafield>
  <datafield tag="980" ind1=" " ind2=" ">
   <subfield code="a">Trung tâm Học liệu Trường Đại học Cần Thơ</subfield>
  </datafield>
 </record>
</collection>
